000 nam a22 a 4500
999 _c163506
_d163506
003 BLK
005 20201014161920.0
008 180410b bul|||||r ||||||| ||bul||
010 _aKNG00170944000
040 _aBLK
041 _aBUL
_cBUL
072 7 _2bullib
_aЦ
_xРедки и ценни
080 _aДанъци. Такси. Налози
_b336.2
_x(497.2)(094.1)
_z336.2(497.2)(094.1)
110 1 _aБългария. Министерство на финансите
_9244857
139 _aБългария. Министерство на финансите
_bБ 92
245 1 0 _aПравилник за приспособление Закона за данъка "октроа" и Закона за изменение и допълнение на този закон
_bУтв. с Указ № 119 от 28.09.1898, публ. в ДВ, № 217 от 8.10.1898
257 _aBGR
260 _bМ-во на финансите
_c1898
_fСофия : Държ. печ.
_aСофия
300 _a32 с.
_bс табл.
_c15 см
380 _a3
490 _9435080
_aКолекция Редки и ценни издания
500 _aПодв. към Гражданско съдопроизводство, 1897, сигн. Рц Рб 897 и инв. № 25852
650 4 _aБългария - финанси
_9268892
651 4 _aБългария
_9241624
653 _aданъчно законодателство
653 _aданъци
653 _aоктроа
659 _aЦ
852 _aРб 897
_bРц
856 4 _qpdf
856 4 _qpdf
942 _cKNG
_n0
_s1
944 _aCR
_c10.02.2015
_kНаталия_Медовщикова
944 _aED
_c29.02.2016
_kВиолета_Тройчева
999 _d163506